Music Quiz

Random Music or Alphabet Quiz

Lyrics for Every Letter: Twenty One Pilots Quiz Stats

Quiz not verified by Sporcle

Challenge
Share
Tweet
Embed
Score 0/72 Timer 06:00
0 Plays Today
% Correct
Stressed Out* no lyric *
100%
Stressed Out* no lyric *
99.8%
Stressed Out* no lyric *
99.8%
Ride* no lyric *
99.8%
Ride* no lyric *
99.8%
Ride* no lyric *
99.8%
Stressed OutAnd, An, All, Able, Away, At…
96.5%
RideAbout, A, And, All
96.2%
Stressed OutIdentify, I'm, Insecure, It's, I'd…
95%
Car RadioI'm, Inside, It's, Is, In…
94.9%
RideI'd, It's, Ignored, I've, I'm…
94.7%
Car RadioCar, Consistence, Course, 'Cause, Choose…
93.6%
RideTried, Thinking, Taking, Time, True…
92.1%
Stressed OutThey're, Treehouse, Take, Think, Turn…
91.8%
Stressed OutMy, Momma, Make, Money, Mattered…
91.7%
Car RadioSomething, Slot, Stole, Sit, Silence…
91.1%
Stressed OutBetter, Build, Blurryface, Back, Bunny…
90.7%
RideMind, Much, Many, Man, Metaphorically…
90.7%
Car RadioThoughts, Terrifying, These, Too, Think…
90.1%
Car RadioMy, Me, Mask
89.1%
Stressed OutWish, Words, Was, Wake, Will…
88.8%
Car RadioOften, Ought, Once, Over, Only…
87.6%
Car RadioFill, Fire, Forced, Feel, Faith…
87.3%
Car RadioBought, Behind, Battling, Better, Because…
86.9%
Stressed OutNeed, Names, Nose, New, Nothing…
86.8%
Car RadioWill, With, What, Wheel, Work…
86.2%
RideStay, Sun, Sometimes, See, Say…
85.5%
Car RadioDeflate, Desire, Dire, Dream, Driving…
85.4%
Stressed OutOrder, Older, Our, Only, Outer…
85%
Stressed OutSpace, Smell, Student, Stones, Shrink…
84.5%
RideWanna, Where, Wish, Wouldn't, Write…
83.5%
Car RadioNow, No, Need
83.1%
Stressed OutYo, You, Young
82.9%
RideOf, On, Oh
82.7%
Car RadioReplace, Radio, Reminding, Real, Rhyme
81.4%
Car RadioAnd, All, Alive, Awake, Across…
81.4%
% Correct
Stressed OutChords, Care, Certain, Candle, Creek…
80.9%
Car RadioHave, Hard, Hide, Hate, Hiding…
80.4%
RideHard, Have, Harder, Home, Help
76.4%
Car RadioPonder, Pride, Pull, Please, Peace…
76.1%
RideYeah, You
75.3%
RideKnow, Kill
75.2%
RideRide, Room, Real
73%
RideFun, Fantasize, Falling, For, Find
72.3%
Car RadioYou
71.5%
Car RadioLungs, Longer, Liked, Lose, Let…
70.6%
RideEnd, Enemies, Easy, Everybody, Even…
69.6%
RideBut, Bullet, Bullets, Back, Been
69%
Stressed OutHeard, Had, Have, Homes, Homegrown…
66.5%
Car RadioJust
66.3%
RideJust
66.3%
Car RadioKnow, Killed
65.7%
Car RadioExhale, Existence, Every
65.1%
RideDie, Do, Don't
64.1%
Stressed OutUs, Used, Up
59.2%
Stressed OutFound, Fears, From, Fly, Face…
57.7%
Stressed OutDidn't, Days, Different, Dream
57.4%
Stressed OutEver, Every, Each
55.5%
Stressed OutRhyme, Roam, Remind, Rocket, Really
55.3%
RideLost, Literally, Live, Like
55.2%
RidePeople, Peace, Pieces
54.2%
Car RadioQuiet
53.9%
Stressed OutGot, Good, Give
53.5%
Stressed OutPeople, Probably, Play, Pretend
50.8%
Car RadioUs
49.6%
Car RadioGreat
49.4%
Car RadioViolent
45.3%
Stressed OutLoans, Latter, Laughing
37.7%
Stressed OutVoice
28.9%
RideNot
20.7%
RideQuestions
19%
RideComing
18.3%

You're not logged in!

Compare scores with friends on all Sporcle quizzes.
Sign Up with Email
OR
Log In

You Might Also Like...

Show Comments

Extras

Top Quizzes Today


Score Distribution

Your Account Isn't Verified!

In order to create a playlist on Sporcle, you need to verify the email address you used during registration. Go to your Sporcle Settings to finish the process.